Statystyki dla najlepsi piłkarze

Kliknij tutaj aby rozwiązać quiz!

Ogólne statystyki

  • Ten quiz został rozwiązany 410 razy
  • Średni wynik to 6 z 6

Statystyki odpowiedzi

HintOdpowiedź% Poprawnych
PolskaLewandowski
99%
ArgentynaMessi
99%
PortugaliaRonaldo
99%
FrancjaMbappe
98%
BrazyliaNeymar
98%
NorwegiaHaaland
92%

Rozkład punktacji

Percentyl według liczby udzielonych odpowiedzi

Procent ludzi z każdym wynikiem

Twoja historia wyników

Nie rozwiązałeś tego quizu